00325nam a22001097a 4500008004100000020001500041082001500056245008800071260001200159300001200171440003200183230602b xxu||||| |||| 00| 0 eng d a9966964134 a307.1bMAP aEnergy For Rural Development in ZimbwabwebProceedings of a National Policy Seminar bAFREPEN aIII,27p n4pAFREPEN Occasional Paper